| 000 | 01100cam a2200157 a 4500 | ||
|---|---|---|---|
| 999 |
_c5490 _d5490 |
||
| 020 | _a9780230249868 (pbk.) | ||
| 050 | 0 | 0 |
_aP96.P75 _bG39 |
| 100 | 1 | _aGiles, David, | |
| 245 | 1 | 0 |
_aPsychology of the media / _cDavid Giles. |
| 260 |
_aHoundmills, Basingstoke, Hampshire ; _aNew York : _bPalgrave Macmillan, _c2010. |
||
| 300 |
_aviii, 230 p. : _bill. ; _c22 cm. |
||
| 500 | _aIncludes bibliographical references and index | ||
| 505 | 8 | _aMachine generated contents note: INTRODUCTION TO MEDIA PSYCHOLOGY -- History of the Mass Media -- Ways of Thinking about Psychology and the Media -- THE PASSIVE MEDIA USER -- Anti- and Pro-Social Behaviour and the Media -- Advertising and Persuasion -- Body Image and the Media -- THE ACTIVE MEDIA USER -- Parasocial Interaction -- Audience Participation Media -- Fandom -- THE MEDIATED SOCIAL WORLD -- Celebrity -- Media Representations -- Media Framing -- Developmental Psychology and the Media -- NEW MEDIA -- Social Relations Online -- Recent Developments in Internet Technology -- Other Technologies. | |
| 650 | 0 |
_aMass media _xPsychological aspects. |
|
| 942 | _cBK | ||